00790nam a2200241 a 4500001000900000005001700009008004100026020001500067050002100082100003700103245004300140260002700183300003600210500004300246504002600289650002600315650003700341650002600378653001800404942001100422999001300433952010200446BRCA_75820190320203134.0990116s1998 mx-a---##b---#000-0#spa-d a970663018X 4aTX716b.S65 19981 aSolís Olguín, Felipe R.992110aLa cultura del maízcFelipe Solís. aMéxicobClíoc1998 a93, [2] p.bil. a colorc28 cm. aIncluye índice de recetas y glosario aBibliografía: p. 9514aMaíz (Cocina)9251614aMaízxHistoriazMéxico9251714aCocina mexicana925180 aGastronomía 2lcccB c657d657 00104070aBRCAbBRCAd2008-06-26l0oTX716 .S65 1998p01164r2019-03-22 00:00:00w2019-03-22yB